Loading...
| Fine Arts - Classical Music | 2 | 10.00 | 100% | 0% | 0% |
| Fine Arts - Other Fine Arts | 1 | 10.00 | 100% | 0% | 0% |
| Fine Arts - Visual Fine Arts | 1 | 0.00 | 0% | 0% | 0% |
| Geography/Current Events | 1 | 20.00 | 100% | 100% | 0% |
| History - American History | 4 | 10.00 | 100% | 0% | 0% |
| History - European History | 2 | 15.00 | 100% | 50% | 0% |
| History - Other History | 4 | 12.50 | 75% | 50% | 0% |
| History - World History | 5 | 10.00 | 100% | 0% | 0% |
| Literature - American Literature | 4 | 5.00 | 50% | 0% | 0% |
| Literature - British Literature | 4 | 7.50 | 75% | 0% | 0% |
| Literature - European Literature | 5 | 12.00 | 100% | 20% | 0% |
| Literature - World/Other Literature | 3 | 10.00 | 67% | 33% | 0% |
| Mythology | 6 | 11.67 | 100% | 17% | 0% |
| Philosophy | 2 | 5.00 | 50% | 0% | 0% |
| Pop Culture | 1 | 20.00 | 100% | 100% | 0% |
| Religion | 5 | 6.00 | 60% | 0% | 0% |
| Science - Biology | 4 | 12.50 | 100% | 25% | 0% |
| Science - Chemistry | 4 | 10.00 | 75% | 25% | 0% |
| Science - Other Science | 4 | 17.50 | 100% | 75% | 0% |
| Science - Physics | 4 | 17.50 | 100% | 75% | 0% |
| Social Science | 2 | 10.00 | 50% | 50% | 0% |